Five Nights at Freddy's 1,2, and 3 Characters - Statistics

General Stats
  • This quiz has been taken 792 times
  • The average score is 13 of 15
Answer Stats
Hint Answer % Correct
B Bonnie
100%
C Chica
100%
F Freddy
99%
BB Balloon Boy
95%
M Mangle
89%
TB Toy Bonnie
89%
TF Toy Freddy
89%
FTP Foxy
88%
P Puppet
88%
TC Toy Chica
87%
GF Golden Freddy
79%
ST Springtrap
79%
BG Balloon Girl
76%
SF Shadow Freddy
60%
SB Shadow Bonnie
59%
No matching quizzes found
Score Distribution
Percent of People with Each Score
Percentile by Number Answered
Your Score History
You have not taken this quiz